000 00313nam a2200121Ia 4500
008 240731s9999 xx 000 0 und d
022 _a1741-6507
245 0 _aAsia Pacific Journal of Tourism Research
260 _bRoutledge
856 _uhttps://www.tandfonline.com/loi/rapt20
942 _2ddc
942 _cTFEJ
999 _c75448
_d75448
945 _a1
_bMadushi Gamage
_c1
_dMadushi Gamage